Statistiques concernant Pays d'Eurasie

Cliquez ici pour prendre le quiz!

Statistiques générales

  • Ce quiz a été pris 424 fois
  • Le résultat moyen est 82 sur 93

Réponses sur la Carte

Les réponses sont colorées sur une échelle allant du rouge au vert en fonction du pourcentage des utilisateurs qui les ont devinées à leur premier essai. Vous pouvez retrouver ces pourcentages ci-dessous.
 

Statistiques - réponses

Pays% Correct
France
99%
Russie
98%
Allemagne
97%
Chine
97%
Espagne
97%
Inde
97%
Italie
97%
Norvège
97%
Portugal
97%
Royaume-Uni
97%
Belgique
96%
Irlande
96%
Japon
96%
Suède
96%
Suisse
96%
Finlande
95%
Islande
95%
Turquie
95%
Ukraine
95%
Autriche
94%
Biélorussie
94%
Corée du Nord
94%
Corée du Sud
94%
Estonie
94%
Grèce
94%
Lettonie
94%
Lituanie
94%
Pologne
94%
Arabie Saoudite
93%
Iran
93%
Roumanie
93%
Albanie
92%
Danemark
92%
Hongrie
92%
Irak
92%
Luxembourg
92%
Mongolie
92%
Pays-Bas
92%
Afghanistan
91%
Croatie
91%
Slovaquie
91%
Indonésie
90%
Kosovo
90%
Viêt Nam
90%
Kazakhstan
89%
Macédoine du Nord
89%
Pakistan
89%
République Tchèque
89%
Serbie
89%
Slovénie
89%
Yémen
89%
Andorre
88%
Bulgarie
88%
Israël
88%
Thaïlande
88%
Bosnie-Herzégovine
87%
Laos
87%
Monténégro
87%
Népal
87%
Arménie
86%
Chypre
86%
Émirats Arabes Unis
86%
Oman
86%
Vatican
86%
Cambodge
85%
Liechtenstein
85%
Moldavie
85%
Ouzbékistan
85%
Philippines
85%
Qatar
85%
Sri Lanka
85%
Turkménistan
85%
Jordanie
84%
Malte
84%
Bangladesh
83%
Géorgie
83%
Monaco
83%
Saint-Marin
83%
Azerbaïdjan
82%
Birmanie
82%
Kirghizistan
82%
Malaisie
82%
Syrie
82%
Taïwan
80%
Tadjikistan
79%
Liban
78%
Bhoutan
77%
Koweït
77%
Singapour
73%
Bahreïn
70%
Brunei
68%
Maldives
66%
Timor Oriental
64%

Distribution des résultats

Percentile par nombre de réponses

% des personnes avec chaque résultat

Votre développement - résultats

Vous n’avez pas pris ce quiz